Euromarketing : how to market products and services in the European Union
Αποθηκεύτηκε σε:
| Συγγραφή απο Οργανισμό/Αρχή: | |
|---|---|
| Μορφή: | Βιβλίο |
| Γλώσσα: | English |
| Δημοσίευση: |
London : Luxembourg :
Kogan Page, European Communities,
1997
|
| Θέματα: | |
| Ετικέτες: |
Προσθήκη ετικέτας
Δεν υπάρχουν, Καταχωρήστε ετικέτα πρώτοι!
|
MARC
| LEADER | 00000nam a2200000 i 4500 | ||
|---|---|---|---|
| 001 | 1/59082 | ||
| 008 | 980528s1997 eng d | ||
| 020 | |a 0749420421 | ||
| 035 | |l 10028478 | ||
| 040 | |a GR-MY-UA |b gre |e aacr | ||
| 041 | 0 | |a eng | |
| 082 | 0 | |a 658.848 | |
| 110 | 2 | |a European Commission. | |
| 245 | 1 | 0 | |a Euromarketing : |b how to market products and services in the European Union |
| 260 | |a London : |a Luxembourg : |b Kogan Page, |b European Communities, |c 1997 | ||
| 300 | |a 197 p. | ||
| 500 | |a A practical guide for small and medium-sized companies | ||
| 650 | 0 | 0 | |a Export marketing |z Europe |x Management. |
| 852 | |a INST |b CHIOS |e 19980528 |h 658.848 EUR |p 005200016414 |q 005200016414 |t BK |y 0 | ||
| 901 | |a BIBL-1998-2 | ||
| 909 | |a Χ |b 055737 | ||
| 922 | |a 2ΕΛΗ |b 199804 |c ΤΔΕ |d ΠΑΠΑΣΩΤΗΡΙΟΥ | ||